00459nam a2200193Ia 4500008004100000020001800041050001400059100001600073245002300089245004000112260001500152260001600167260000900183300001600192300002000208300001000228300001900238500000800257170918s9999 xx 000 0 und d a9780545315852 bH758 2010 aHolub, Joan aAthena the brain / cby Joan Holub and Suzanne Williams. aNew York : bScholastic, c2010 a160 pages : billustrations ; c19cm. eGoddess girls. a710